[Event "?"]
[Site "Berliner Sommer"]
[Date "1995.??.??"]
[Round "?"]
[White "Drill, Frank"]
[Black "Delander, Adolf"]
[Result "0-1"]
[WhiteElo "2140"]
[BlackElo "2335"]

1.e4 c6 2.d4 d5 3.f3 e6 4.Be3 dxe4 5.Nd2 exf3 6.Ngxf3 Nf6 7.Nc4 Nbd7
8.Nce5 Nxe5 9.Nxe5 Bd6 10.Bf4 Nd5 11.Bg3 Qg5 12.Qf3 Qe3+ 13.Qxe3 Nxe3
14.Bd3 f6 15.Ng6 hxg6 16.Bxd6 Nxg2+ 17.Kf2 Nh4 18.Rhg1 g5 19.Rae1 Bd7
20.Rg4 Kf7 21.Rg3 Rae8 22.Rge3 g6 23.c4 Nf5 24.Bxf5 gxf5 25.Kg1 Rh4
26.Rd1 Rg4+ 27.Kf1 e5 28.dxe5 Rxc4 29.Bb8 Bc8 30.Bxa7 f4 0-1

[Event "?"]
[Site "Berliner Sommer"]
[Date "1995.??.??"]
[Round "?"]
[White "Curic, Ante"]
[Black "Hilsheimer, Karsten"]
[Result "0-1"]
[WhiteElo "2080"]
[BlackElo "1870"]

1.e4 c6 2.f4 d5 3.e5 Bf5 4.Nf3 e6 5.d4 c5 6.Nc3 Nc6 7.Ne2 Nb4 8.Be3 Bxc2
9.Kf2 Bxd1 10.Rxd1 c4 11.Ne1 Nxa2 12.Ra1 Nb4 13.Nc3 Ne7 14.g4 Nec6
15.h4 Be7 16.Kg3 a6 17.Rh2 b5 18.h5 Na5 19.Nf3 Nb3 20.Rd1 h6 21.g5 Qc7
22.Bh3 hxg5 23.fxg5 Rxh5 24.g6 Rxh3+ 25.Rxh3 O-O-O 26.Rh7 fxg6
27.Rdh1 Nc2 28.Bf2 Ncxd4 29.Rxg7 Nxf3 30.Kxf3 Qxe5 31.Rhh7 Nd2+
32.Kg2 Qg5+ 33.Kh1 Re8 34.Rf7 Ne4 35.Nxe4 dxe4 36.Bd4 e3 37.Bc3 e2
38.Bb4 a5 39.Bxa5 Qc1+ 40.Kg2 e1=Q 41.Bxe1 Qxe1 42.Rxe7 Rxe7 43.Rxe7 Qe4+
44.Kf1 Qb1+ 45.Ke2 Qxb2+ 46.Kf1 Qf6+ 0-1

[Event "?"]
[Site "Berliner Sommer"]
[Date "1995.??.??"]
[Round "?"]
[White "Henck, Ewald"]
[Black "Gross, Thorsten"]
[Result "0-1"]
[WhiteElo "1680"]
[BlackElo "1920"]

1.e4 c5 2.Nf3 d6 3.d4 cxd4 4.Nxd4 Nf6 5.Nc3 Nc6 6.f3 e6 7.Be3 Be7 8.Qd2 a6
9.Be2 Qc7 10.a3 b5 11.Rd1 O-O 12.O-O Bb7 13.Qe1 d5 14.exd5 Nxd4
15.Bxd4 Nxd5 16.Nxd5 Bxd5 17.Bd3 Rfd8 18.Qe5 Qxe5 19.Bxe5 Rac8 20.g3 h6
21.Bc3 Bxa3 22.Kg2 Bc5 23.Be1 Bd4 24.c3 Bb6 25.Bf2 Bxf2 26.Kxf2 Bb3
27.Rd2 Rd5 28.f4 Rcd8 29.Ke3 Rxd3+ 30.Rxd3 Rxd3+ 31.Ke4 Bd5+ 0-1

[Event "?"]
[Site "Berliner Sommer"]
[Date "1995.??.??"]
[Round "?"]
[White "Beciraj, Muhamet"]
[Black "Goemann, Jens"]
[Result "0-1"]
[WhiteElo "1800"]
[BlackElo "2160"]

1.d4 Nf6 2.c4 g6 3.Nc3 Bg7 4.e4 d6 5.Bd3 O-O 6.Nge2 c5 7.d5 e6 8.O-O exd5
9.exd5 a6 10.Bg5 h6 11.Bh4 Re8 12.Qd2 Nbd7 13.f4 Qe7 14.Rf3 Rb8
15.Ng3 Qf8 16.Re1 Ng4 17.h3 Ngf6 18.Kh2 b6 19.Rxe8 Qxe8 20.Nge4 Qf8
21.Rg3 Nh5 22.Rf3 f5 23.Nf2 Ndf6 24.Bxf6 Nxf6 25.Re3 Bd7 26.Be2 Qf7
27.b3 b5 28.Bd3 b4 29.Ncd1 a5 30.Qe1 a4 31.Re7 Re8 32.Rxe8+ Nxe8
33.Bc2 axb3 34.axb3 Bd4 35.Qe2 Nf6 36.g4 fxg4 37.hxg4 Nxg4+ 38.Kg3 h5
39.Nxg4 Bxg4 40.Qh2 Qe7 41.Qd2 Kg7 42.Nf2 Bxf2+ 43.Qxf2 Qe2 44.Qxe2 Bxe2
45.Kf2 Bg4 46.Kg3 Kf6 47.Kh4 Bf5 48.Bd1 Be4 49.Kh3 Kf5 50.Kg3 h4+
51.Kh3 Kxf4 52.Kxh4 Bf5 53.Bg4 g5+ (53...Bxg4 {Patt.}) 54.Kh5 Bxg4+
55.Kg6 Bf5+ 56.Kf6 g4 57.Ke7 0-1

[Event "?"]
[Site "Berliner Sommer"]
[Date "1995.??.??"]
[Round "?"]
[White "Khurtsidze, Nino"]
[Black "Kniest, Oliver"]
[Result "1-0"]
[WhiteElo "2295"]
[BlackElo "2145"]

1.d4 e6 2.Nf3 d5 3.g3 Nf6 4.Bg2 Be7 5.O-O O-O 6.c4 c6 7.Nbd2 Nbd7 8.Qc2 b6
9.b3 Bb7 10.Bb2 Rc8 11.e4 dxe4 12.Nxe4 Qc7 13.Nxf6+ Bxf6 14.Rad1 Rcd8
15.Rfe1 Rfe8 16.h4 h6 17.Nh2 e5 18.Ng4 exd4 19.Rxe8+ Rxe8 20.Nxf6+ Nxf6
21.Bxd4 Nd7 22.Qf5 Nf8 23.b4 Bc8 24.Qf3 c5 25.bxc5 bxc5 26.Be3 Be6
27.Qc6 Qxc6 28.Bxc6 Rb8 29.Bb5 a6 30.Bxa6 Nd7 31.Bb5 Rb7 32.a4 Ne5
33.Rc1 f6 34.a5 Nd7 35.a6 Ra7 36.Rd1 Kf7 37.Rd6 Ke7 38.Rxd7+ Rxd7
39.Bxc5+ Kf7 40.a7 1-0

[Event "?"]
[Site "Berliner Sommer"]
[Date "1995.??.??"]
[Round "?"]
[White "Movsziszian, Karen"]
[Black "Baginskaite, Kamile"]
[Result "1-0"]
[WhiteElo "2440"]
[BlackElo "2240"]

1.g3 g6 2.Bg2 Bg7 3.f4 d5 4.Nf3 c6 5.O-O Qb6+ 6.d4 Nd7 7.c4 e6 8.b3 Ne7
9.e3 c5 10.cxd5 exd5 11.Nc3 O-O 12.h3 Rd8 13.g4 cxd4 14.exd4 Qa5
15.Bd2 Nf8 16.Ne5 Qb6 17.Be3 f6 18.Nd3 f5 19.Ne5 Be6 20.Na4 Qd6
21.Nc5 Bc8 22.Rf2 b6 23.Ncd3 Ba6 24.Bf1 Rac8 25.a4 Nd7 26.a5 Bxd3
27.Bxd3 Nf6 28.Bc1 Ne4 29.Rg2 Rc7 30.Ba3 Qe6 31.Bxe7 Rxe7 32.Rc2 Rc8
33.Bxe4 fxe4 34.a6 Rec7 35.Rac1 Bxe5 36.dxe5 Rc5 37.b4 R5c6 38.Qe2 b5
39.Rc5 Rxc5 40.Rxc5 Qxa6 41.Rxd5 Kg7 42.Qxe4 Kf7 43.f5 gxf5 44.gxf5 Qa1+
45.Kg2 Qb2+ 46.Kg3 Qc3+ 47.Kg4 h5+ 48.Kg5 {Dieser Zug ist eher geraten als
gelesen...vor allem verliert er!?} 1-0

[Event "?"]
[Site "Berliner Sommer"]
[Date "1995.??.??"]
[Round "?"]
[White "Ulfarsson, Magnus Orn"]
[Black "Boric, Muhamed"]
[Result "1/2-1/2"]
[WhiteElo "2230"]
[BlackElo "2435"]

1.e4 Nf6 2.e5 Nd5 3.g3 d6 4.exd6 exd6 5.Bg2 Nf6 6.d4 Be7 7.Nf3 O-O
8.O-O Re8 9.h3 Bf8 10.c4 Nc6 11.Nc3 Bf5 12.Nh4 Bd7 13.Be3 h6 14.Qd2 Ne7
15.d5 g5 16.Nf3 Nf5 17.Bd4 Bg7 18.Rfe1 Rxe1+ 19.Rxe1 Qf8 20.g4 Nxd4
21.Nxd4 Re8 22.Ne4 Nxe4 23.Bxe4 Bxd4 24.Qxd4 Qg7 25.Qxg7+ Kxg7 26.Re3 f5
27.Bxf5 Rxe3 28.fxe3 Bxf5 29.gxf5 Kf6 30.e4 h5 31.b4 b6 32.Kg2 Kf7
33.Kg3 Kf6 34.Kf3 1/2-1/2

[Event "?"]
[Site "Berliner Sommer"]
[Date "1995.??.??"]
[Round "?"]
[White "Kristovic, Stjepan"]
[Black "Rahn, Manfred"]
[Result "1-0"]
[WhiteElo "2205"]
[BlackElo "1605"]

1.e4 e5 2.Nc3 Nf6 3.Nf3 Nc6 4.d4 exd4 5.Nxd4 d6 6.Bg5 Be7 7.Bf4 O-O
8.Be2 Nxd4 9.Qxd4 c5 10.Qd2 a6 11.O-O-O Be6 12.Kb1 b5 13.Bf3 b4
14.Nd5 Nxd5 15.exd5 Bf5 16.g4 Bg6 17.Be2 Qc7 18.h4 h6 19.h5 Bh7
20.Bc4 Rfc8 21.g5 hxg5 22.Bxg5 b3 23.Rdg1 bxc2+ 24.Ka1 Rcb8 25.Qc3 Bxg5
26.Rxg5 f5 27.h6 g6 28.Bd3 Re8 29.Bxf5 Re5 30.Be6+ Kh8 31.f4 1-0

[Event "?"]
[Site "Berliner Sommer"]
[Date "1995.??.??"]
[Round "?"]
[White "Kalinichev, Sergey L"]
[Black "Neverov Valery"]
[Result "1/2-1/2"]
[WhiteElo "2470"]
[BlackElo "2485"]

1.d4 Nf6 2.Nf3 g6 3.c4 Bg7 4.g3 O-O 5.Bg2 c6 6.Nc3 d5 7.cxd5 cxd5 8.Ne5 e6
9.O-O Nfd7 10.Nxd7 Bxd7 11.b3 Qb6 12.e3 Rc8 13.Bb2 a5 14.Qd2 1/2-1/2

[Event "?"]
[Site "Berliner Sommer"]
[Date "1995.??.??"]
[Round "?"]
[White "Beshukov, Sergei"]
[Black "Rogozenko, Dorin"]
[Result "1/2-1/2"]
[WhiteElo "2500"]
[BlackElo "2440"]

1.e4 c5 2.Nf3 e6 3.d4 cxd4 4.Nxd4 Nf6 5.Nc3 Nc6 6.Ndb5 d6 7.Bf4 e5
8.Bg5 a6 9.Na3 b5 10.Nd5 Be7 11.Bxf6 Bxf6 12.c3 Rb8 13.Nc2 Bg5 14.a4 bxa4
15.Ncb4 Bd7 16.Bxa6 Nxb4 17.Nxb4 Qa5 1/2-1/2

[Event "?"]
[Site "Berliner Sommer"]
[Date "1995.??.??"]
[Round "?"]
[White "Thallinger, Harald"]
[Black "Nikolenko, Oleg"]
[Result "1/2-1/2"]
[WhiteElo "2280"]
[BlackElo "2475"]

1.d4 e6 2.c4 Nf6 3.Nc3 Bb4 4.Qc2 O-O 5.a3 Bxc3+ 6.Qxc3 b6 7.Bg5 Ba6
8.Rc1 d6 9.e3 Nbd7 10.Bd3 c5 1/2-1/2

[Event "?"]
[Site "Berliner Sommer"]
[Date "1995.??.??"]
[Round "?"]
[White "Dissertori Martin"]
[Black "Nizhegorodova, Marina"]
[Result "0-1"]
[WhiteElo "1055"]
[BlackElo "2085"]

1.e4 e6 2.d4 d5 3.exd5 Qxd5 4.Nf3 Nf6 5.Nc3 Qd8 6.Bd3 Be7 7.Be3 O-O
8.O-O b6 9.Qd2 Bb7 10.Be2 Nbd7 11.a3 Qc8 12.Rad1 c5 13.dxc5 Nxc5
14.b4 Nce4 15.Nxe4 Bxe4 16.c3 Qb7 17.Bg5 Rfd8 18.Qc1 b5 19.Nh4 h6
20.Bxf6 Bxf6 21.Nf3 Rdc8 22.c4 bxc4 23.Rd6 a5 24.bxa5 Rxa5 25.Rfd1 c3
26.Rd7 Rc7 27.Rxc7 Qxc7 28.Nd4 c2 29.Rd2 Bg5 30.Rxc2 Bxc2 31.Qxc2 Rc5
32.Qa4 Rc1+ 33.Bf1 g6 34.g3 Bf6 35.Ne2 Ra1 36.Qf4 Qxf4 37.Nxf4 Rxa3
38.Kg2 Kg7 39.f3 Ra2+ 40.Kh3 e5 41.Nd5 Rd2 42.Nc7 Kf8 43.g4 Bg5
44.Nb5 Bf4 45.Bg2 Ke7 46.Nc3 f5 47.gxf5 gxf5 48.Nb5 Kd7 49.Nc3 Kc6
50.Nb1 Rd3 51.Kh4 Rb3 52.Bh3 Rxb1 {Rest der Patzerei nicht leserlich} 0-1

[Event "?"]
[Site "Berliner Sommer"]
[Date "1995.??.??"]
[Round "?"]
[White "Meyer, Frank"]
[Black "Bordet, Matthieu"]
[Result "0-1"]
[WhiteElo "1680"]
[BlackElo "1960"]

1.b4 d5 2.Bb2 Bf5 3.e3 Nf6 4.Nf3 e6 5.b5 Be7 6.Be2 h6 7.a4 a6 8.c4 axb5
9.axb5 Rxa1 10.Bxa1 dxc4 11.Bxc4 O-O 12.O-O Nbd7 13.d4 Ne4 14.Nc3 Ndf6
15.Nd2 Nd6 16.Be2 Qd7 17.f3 Bg6 18.e4 Nfe8 19.Nb3 b6 20.e5 Nf5 21.Qd2 Bb4
22.Rd1 c6 23.bxc6 Qxc6 24.d5 exd5 25.Qxd5 Qc8 26.Qd7 Nc7 27.Nb5 Ne6
28.Qxc8 Rxc8 29.Nd6 Nxd6 30.exd6 Rd8 31.Be5 Bc2 32.Nd4 Bxd1 33.Nxe6 fxe6
34.Bxd1 Bxd6 35.Bxd6 Rxd6 0-1

[Event "?"]
[Site "Berliner Sommer"]
[Date "1995.??.??"]
[Round "?"]
[White "Pribyl, Josef"]
[Black "Schian Thomas"]
[Result "1-0"]
[WhiteElo "2405"]
[BlackElo "2210"]

1.d4 c5 2.d5 e5 3.e4 d6 4.Nc3 Be7 5.f4 exf4 6.Bxf4 Bg5 7.Bxg5 Qxg5
8.Nf3 Qe3+ 9.Qe2 Qxe2+ 10.Bxe2 Nd7 11.O-O Nh6 12.Bb5 f6 13.a4 Nf7
14.a5 Ke7 15.a6 bxa6 16.Bxa6 Bxa6 17.Rxa6 Rhb8 18.b3 Rb7 19.Rfa1 Nfe5
20.Nd2 c4 21.Nxc4 Nxc4 22.bxc4 Nc5 23.Rc6 Kd7 24.Na4 Nxa4 25.Rxa4 Rb2
26.c5 Rxc2 27.Rxd6+ Ke7 28.Rda6 Rxc5 29.Rxa7+ Rxa7 30.Rxa7+ Kf8 31.Kf2 f5
32.d6 fxe4 1-0

[Event "?"]
[Site "Berliner Sommer"]
[Date "1995.??.??"]
[Round "?"]
[White "Dimitrijeski, Kristian"]
[Black "Schubert, Joachim"]
[Result "1/2-1/2"]
[WhiteElo "2180"]
[BlackElo "1935"]

1.d4 d5 2.c4 e5 3.e3 e4 4.cxd5 Nf6 5.Nc3 Bd6 6.Bb5+ Bd7 7.Bxd7+ Nbxd7
8.Qc2 Qe7 9.Bd2 O-O 10.Nge2 Nb6 11.O-O-O Nbxd5 12.Nxd5 Nxd5 13.Kb1 a5
14.Nc3 Nb4 15.Qxe4 Qd7 16.Qf3 b5 17.d5 Be5 18.e4 f5 19.Qh3 Qe7
20.Rhe1 fxe4 21.Rxe4 Qd6 22.Qh5 Nd3 23.Qe2 Bxc3 24.Bxc3 Nxf2 25.Re6 1/2-1/2

[Event "?"]
[Site "Berliner Sommer"]
[Date "1995.??.??"]
[Round "?"]
[White "Levin, Felix"]
[Black "Sielecki, Christof"]
[Result "1-0"]
[WhiteElo "2490"]
[BlackElo "1990"]

1.d4 d5 2.c4 e6 3.Nf3 c6 4.Nc3 dxc4 5.a4 Bb4 6.Bg5 Nf6 7.e4 c5 8.Bxc4 cxd4
9.Bb5+ Nc6 10.Nxd4 Bd7 11.Nxc6 bxc6 12.Bc4 h6 13.Bh4 Qa5 14.Bxf6 gxf6
15.Qf3 Qe5 16.O-O Bd6 17.g3 h5 18.h4 Ke7 19.Rad1 Rhg8 20.b3 Rg4
21.Rd3 Rag8 22.Rfd1 Bc8 23.Kf1 Bc5 24.R1d2 Bb4 25.Rc2 Bxc3 26.Rdxc3 Rxe4
27.Be2 Rxe2 28.Qxe2 Qd5 29.Qf3 Ba6+ 30.Kg2 Rd8 31.Qxd5 cxd5 32.Rc7+ Rd7
33.R2c5 Bb7 34.b4 e5 35.Rxd7+ Kxd7 36.b5 d4+ 37.Kf1 Kd6 38.Rc1 e4
39.a5 Bd5 40.g4 hxg4 41.h5 1-0

[Event "?"]
[Site "Berliner Sommer"]
[Date "1995.??.??"]
[Round "?"]
[White "Korotylev, Alexey"]
[Black "Bechkuis, Gernot"]
[Result "1-0"]
[WhiteElo "2450"]
[BlackElo "2280"]

1.d4 Nf6 2.c4 g6 3.Nc3 Bg7 4.e4 d6 5.Be2 O-O 6.Bg5 Na6 7.Qd2 e5 8.d5 c6
9.f3 cxd5 10.cxd5 Bd7 11.g4 Qb6 12.Nh3 Nc5 13.Nf2 a5 14.Be3 a4 15.O-O Qa5
16.Nd3 Nxd3 17.Bxd3 Rfc8 18.Rfc1 Ne8 19.Rab1 b5 20.a3 Bf6 21.Na2 Bd8
22.Qxa5 Bxa5 23.Nb4 Bxb4 24.axb4 a3 25.Rxc8 Rxc8 26.Kf2 f5 27.g5 f4
28.Bb6 axb2 29.Rxb2 Rc3 30.Ke2 Ra3 31.Rc2 Ra4 32.Ba5 Ra1 33.Rc6 Bxc6
34.dxc6 Rxa5 35.bxa5 Nc7 36.Kd2 Kf7 37.Kc3 Ke7 38.Kb4 Kd8 39.Bxb5 Ne6
40.a6 Kc8 41.a7 Nc7 42.Bc4 1-0

[Event "?"]
[Site "Berliner Sommer"]
[Date "1995.??.??"]
[Round "?"]
[White "Klovans, Janis"]
[Black "Kharitonov, Andrei Y"]
[Result "0-1"]
[WhiteElo "2485"]
[BlackElo "2550"]

1.e4 c5 2.Nf3 d6 3.d4 cxd4 4.Nxd4 Nf6 5.Nc3 e6 6.Be2 Be7 7.O-O a6 8.a4 O-O
9.f4 Qc7 10.Kh1 b6 11.Bf3 Bb7 12.e5 dxe5 13.fxe5 Nfd7 14.Bxb7 Qxb7
15.Bf4 Nc6 16.Qf3 Rac8 17.Rad1 Kh8 18.Qh5 Nxd4 19.Rxd4 f5 20.Rfd1 Rc7
21.R4d3 g6 22.Qh6 Rf7 23.Qh3 Bf8 24.Qe3 Kg8 25.R3d2 b5 26.axb5 axb5
27.Ne2 Nc5 28.Nd4 b4 29.Nf3 Ne4 30.Rd8 Rxc2 31.Ra1 Qc7 32.Raa8 Nf2+
33.Kg1 Ng4 34.Qd4 Rc1+ 0-1

[Event "?"]
[Site "Berliner Sommer"]
[Date "1995.??.??"]
[Round "?"]
[White "Dizdar, Goran"]
[Black "Pedersen, Jan"]
[Result "1-0"]
[WhiteElo "2535"]
[BlackElo "2330"]

1.d4 c5 2.d5 e5 3.e4 d6 4.c4 Be7 5.Nf3 Bg4 6.Nbd2 Bg5 7.Qa4+ Bd7
8.Qb3 Bxd2+ 9.Bxd2 b6 10.Qc2 Ne7 11.Bd3 O-O 12.O-O h6 13.Ne1 g5 14.g3 Bh3
15.Ng2 Ng6 16.Qd1 Kg7 17.Qh5 Qd7 18.Ne3 f6 19.f4 gxf4 20.Nf5+ Bxf5
21.exf5 Nh8 22.gxf4 Qe8 23.Qh4 e4 24.Rae1 exd3 25.Rxe8 Rxe8 26.Re1 Nd7
27.Re6 Rf8 28.Qg3+ Kf7 29.Qxd3 Rg8+ 30.Kf1 Rg7 31.Qe2 Kg8 32.Re7 Nf8
33.Bc3 Nh7 34.Re8+ Rxe8 35.Qxe8+ Nf8 36.Bxf6 Rg4 37.Bxh8 Rxf4+
38.Ke2 Rxf5 39.Bc3 1-0

[Event "?"]
[Site "Berliner Sommer"]
[Date "1995.??.??"]
[Round "?"]
[White "Schischke, Reinhard"]
[Black "Eingorn, Vereslav S"]
[Result "0-1"]
[WhiteElo "2335"]
[BlackElo "2600"]

1.e4 c5 2.Nf3 a6 3.c3 e6 4.d4 d5 5.e5 Bd7 6.Be2 cxd4 7.Nxd4 Ne7 8.O-O Nbc6
9.Nxc6 Bxc6 10.Nd2 d4 11.c4 d3 12.Bf3 Qd4 13.Qb3 O-O-O 14.Re1 Qd7
15.Be4 Nf5 16.Qc3 Be7 17.Nb3 Bxe4 18.Rxe4 Qc6 19.Re1 g5 20.Be3 Nh4
21.f3 g4 22.Na5 Qc7 23.c5 Rd5 24.b4 gxf3 25.c6 b5 26.Nc4 bxc4 27.Qxc4 Kd8
28.Qxa6 Ke8 29.Bb6 Qxc6 30.Rec1 Rc5! 31.Rxc5 f2+ 32.Kxf2 Qxg2+
33.Ke3 Qe2+ 34.Kd4 Nf5+ 35.Kc4 d2+ 36.Kb3 Qxa6 0-1

[Event "?"]
[Site "Berliner Sommer"]
[Date "1995.??.??"]
[Round "?"]
[White "Lachmann, Utz"]
[Black "Yagupov, Igor"]
[Result "1-0"]
[WhiteElo "2100"]
[BlackElo "2405"]

1.e4 c5 2.Nc3 Nc6 3.g3 g6 4.Bg2 Bg7 5.d3 Rb8 6.a4 d6 7.f4 e6 8.Nf3 Nge7
9.O-O O-O 10.Be3 Nd4 11.Qd2 b6 12.g4 f5 13.gxf5 Nxf3+ 14.Bxf3 exf5
15.Rae1 Be6 16.Bf2 Qd7 17.Bh4 Rbe8 18.Nd5 Nc6 19.c3 Qf7 20.Qg2 fxe4
21.Bxe4 Kh8 22.Bg5 Nb8 23.Ne3 Qd7 24.Qg3 d5 25.Bf3 d4 26.Ng4 dxc3
27.bxc3 Bxc3 28.Re4 Qxd3 29.Ne5 Bxe5 30.Rxe5 Bc4 31.Rd1 Qc2 32.f5 Kg8
33.Rxe8 Rxe8 34.Rc1 Qb2 35.Rxc4 Qb1+ 36.Rc1 Qxf5 37.Bh6 Nd7 38.Rf1 c4
39.Qd6 Nf6 40.Bg2 Ne4 41.Bxe4 1-0

[Event "?"]
[Site "Berliner Sommer"]
[Date "1995.??.??"]
[Round "?"]
[White "Sale, Srdjan"]
[Black "Ruzele, Darius"]
[Result "1-0"]
[WhiteElo "2445"]
[BlackElo "2505"]

1.e4 c6 2.d3 d5 3.Nd2 e5 4.Ngf3 Bd6 5.g3 Ne7 6.Bg2 O-O 7.O-O Nd7 8.d4 exd4
9.Nxd4 Nf6 10.c3 Re8 11.Re1 Ng6 12.exd5 Rxe1+ 13.Qxe1 Nxd5 14.Ne4 Be5
15.Qd1 Qf8 16.h4 h6 17.h5 Nge7 18.Nf3 Bg4 19.Qb3 Bc7 20.Qxb7 f5
21.Nh2 Bxh5 22.Nc5 Qc8 23.Qxc8+ Rxc8 24.Bd2 Bb6 25.Nd7 Bc7 26.Re1 Rd8
27.Nc5 Bb6 28.Ne6 Rd7 29.c4 Nf6 30.Bc3 c5 31.a4 a5 32.Nxg7 Kxg7
33.Re6 Bd8 34.Rxf6 Rd1+ 35.Nf1 Kg8 36.Kh2 Bf7 37.Ne3 Rc1 38.Rd6 Bc7
39.Rd7 f4 40.Ng4 1-0

[Event "?"]
[Site "Berliner Sommer"]
[Date "1995.??.??"]
[Round "?"]
[White "Hetey, Laszlo"]
[Black "Ionov, Sergey"]
[Result "0-1"]
[WhiteElo "2290"]
[BlackElo "2525"]

1.d4 Nf6 2.c4 e6 3.g3 d5 4.Bg2 dxc4 5.Nf3 Nc6 6.O-O Rb8 7.a4 a6 8.Nc3 Bb4
9.Bg5 h6 10.Bxf6 Qxf6 11.e4 O-O 12.e5 Qd8 13.g4 Be7 14.Qd2 Nb4 15.Rad1 b5
16.Ne4 Bb7 17.Ne1 c5 18.Qf4 Kh8 19.axb5 axb5 20.Nd6 Bxd6 21.Bxb7 Bxe5
22.Qxe5 Rxb7 23.Qxc5 Qe7 24.Qe5 Rd8 25.f4 Qh4 26.Qe2 Rbd7 27.Kh1 Nc6
28.Ng2 Qh3 29.d5 Rxd5 30.Rxd5 Rxd5 31.f5 Nd4 32.Qe4 Nf3 33.Qf4 e5 0-1

[Event "?"]
[Site "Berliner Sommer"]
[Date "1995.??.??"]
[Round "?"]
[White "Velikhanli, Firuza"]
[Black "Zoch, Werner Dr."]
[Result "1-0"]
[WhiteElo "2355"]
[BlackElo "1995"]

1.e4 c5 2.Nf3 d6 3.d4 cxd4 4.Nxd4 Nf6 5.Nc3 a6 6.Be2 e6 7.O-O Be7 8.f4 Nc6
9.Be3 Qc7 10.a4 O-O 11.Kh1 b6 12.Nxc6 Qxc6 13.Bf3 e5 14.Nd5 Bd8
15.Qd3 Rb8 16.Rfd1 Ng4 17.f5 Nxe3 18.Nxe3 Bg5 19.Nd5 a5 20.Ra3 Rd8
21.Qd2 Bxd2 22.Ne7+ Kf8 23.Nxc6 Bb4 24.Nxd8 Bd7 25.Ra2 Rxd8 26.c3 Bc5
27.Rb1 Be3 28.b4 Ra8 29.Re2 Bg5 30.bxa5 Rxa5 31.Rxb6 Rxa4 32.g3 Ke7
33.Rb7 Kd8 34.Rb8+ Bc8 35.f6 gxf6 36.Bg4 Rc4 37.Ra2 h5 38.Bf5 Rxc3
39.Raa8 1-0

[Event "?"]
[Site "Berliner Sommer"]
[Date "1995.??.??"]
[Round "?"]
[White "Kovalevskaya, Ekaterina"]
[Black "Senk Christian"]
[Result "1-0"]
[WhiteElo "2350"]
[BlackElo "1990"]

1.e4 e6 2.d4 d5 3.Nc3 Nf6 4.Bg5 Be7 5.e5 Nfd7 6.Bxe7 Qxe7 7.f4 a6 8.Nf3 c5
9.dxc5 Qxc5 10.Qd2 Nc6 11.Bd3 g6 12.h4 h5 13.Ng5 Nb6 14.O-O-O Kf8
15.Rh3 Bd7 16.Rg3 Ne7 17.Kb1 Bb5 18.Ne2 Bxd3 19.cxd3 Nf5 20.Rc1 Qe7
21.Rh3 Kg7 22.Qa5 Qd8 23.Rhh1 Rc8 24.Qb4 Rxc1+ 25.Rxc1 Re8 26.Nd4 Nxd4
27.Qxd4 Re7 28.Rc3 Rd7 29.Nf3 Nc8 30.Qc5 Ne7 31.Nd4 Nf5 32.Nxf5+ exf5
33.g3 Qe7 34.Qxe7 Rxe7 35.Rc8 Rd7 36.d4 f6 37.Kc2 Kf7 38.Kd3 Ke6
39.Rf8 Rf7 40.Rg8 g5 41.hxg5 fxg5 42.Rg6+ Ke7 43.Rxg5 Rh7 44.Rxf5 h4
45.gxh4 Rxh4 46.Rf6 Rh3+ 47.Kc2 Rh2+ 48.Kc3 Rh3+ 49.Kb4 Rh2 50.Rb6 Rxb2+
51.Kc5 Rxa2 52.Kxd5 a5 53.Rxb7+ Kd8 54.f5 Kc8 55.Rb5 a4 56.f6 a3
57.Ra5 Kb7 58.f7 Rf2 59.Ke6 a2 60.Rxa2 1-0

[Event "?"]
[Site "Berliner Sommer"]
[Date "1995.??.??"]
[Round "?"]
[White "Dydyshko, Viacheslav"]
[Black "Poluljahov, Aleksandr"]
[Result "1-0"]
[WhiteElo "2545"]
[BlackElo "2460"]

1.d4 Nf6 2.c4 e6 3.Nc3 Bb4 4.e3 b6 5.Bd3 Bb7 6.Nf3 O-O 7.O-O c5 8.a3 Bxc3
9.bxc3 Qc7 10.Nd2 d5 11.Bb2 Nbd7 12.cxd5 exd5 13.f3 Rfe8 14.Re1 Rad8
15.a4 Re7 16.Qe2 Nf8 17.Qf2 Ne6 18.Nf1 Qc8 19.Qh4 Nf8 20.Ba3 Rc7
21.Qg3 Rc6 22.Qf2 Ba6 23.Bb1 Qd7 24.Nd2 Ne6 25.Bf5 g6
26.Bb1 {Ab hier werden beide Formulare
unleserlich...also keine Gewaehr auf die folgenden Zuege.} 26...Re8
27.Bb2 Rd8 28.Ra2 h5 29.h3 Kg7 30.Qh4 Re8 31.Ra1 Qe7 32.e4 cxd4
33.cxd4 Qb4 34.Ra3 Bc4 35.Ree3 Rec8 36.e5 Ng8 37.g4 hxg4 38.fxg4 Nf4
39.Qf2 g5 40.h4 Ne7 41.h5 a5 42.Kh2 Ba6 43.Ra1 Rc3 44.Bxc3 Rxc3
45.Bc2 Ng8 46.Bd1 Nh6 47.Rb1 Bd3 48.Qe1 Qc4 49.Rb2 Qc8 50.Rg3 Rc1
51.Qf2 Bh7 52.Qf1 Rc3 53.Qf2 Rxg3 54.Kxg3 Bd3 55.Qe1 Ne6 56.Qe3 Be4
57.Be2 Qe8 58.Nf3 Bh7 1-0

[Event "?"]
[Site "Berliner Sommer [Ewin, H.-P."]
[Date "1995.??.??"]
[Round "?"]
[White "Ewin, Hans-Peter"]
[Black "Pfalzgraf, Hans-P."]
[Result "0-1"]
[WhiteElo "1840"]
[BlackElo "1542"]

1.e4 e5 2.Nf3 d6 3.Bc4 c6 4.d4 f6 5.dxe5 fxe5 6.O-O Be7 7.Nc3 Bg4
8.Qd3 Nd7 9.b4 Bxf3 10.Qxf3 Ngf6 11.Qg3 g6 12.Be6 Qc7 13.Bb3 Nf8
14.f4 Nh5 15.Qf3 exf4 16.Bxf4 Nxf4 17.Qxf4 O-O-O 18.Rab1 Nd7 19.Kh1 Bf6
20.Qd2 Rhf8 21.Ne2 Rde8 22.Nd4 Bxd4 23.Qxd4 Kb8 24.Rxf8 Rxf8 25.Rd1 Ne5
26.h3 Rf6 27.c4 b6 28.a4 c5 29.bxc5 dxc5 30.Qd5 Rf7 31.Qe6 Nd3 32.Kg1 Nf4
33.Qg4 h5 34.Qg3 g5 35.Rf1 Qe5 36.Kh1 g4 37.Qe3 (37.hxg4 hxg4
38.Qxg4 Rh7+ 39.Kg1 Qd4+ 40.Rf2 Nh3+ 41.gxh3 Rg7) 37...gxh3 38.gxh3 Qg5
39.Qd2 Qh4 40.Qh2 Rf8 41.Bd1 Kb7 42.e5 Rg8 43.Bf3+ Ka6
44.Qxf4 {Ein Versuch, den Gegner zu beschwindeln.} 44...Qxh3+ (44...Qxf4
45.Bb7+) 0-1

[Event "?"]
[Site "Berliner Sommer"]
[Date "1995.??.??"]
[Round "?"]
[White "Paehtz, Thomas"]
[Black "Michalczak, Thomas"]
[Result "1-0"]
[WhiteElo "2470"]
[BlackElo "2290"]

1.e4 e5 2.Nf3 Nc6 3.Bb5 a6 4.Ba4 Nf6 5.Qe2 Be7 6.c3 b5 7.Bc2 O-O 8.O-O d5
9.d3 d4 10.h3 Bb7 11.Nbd2 Re8 12.cxd4 Nxd4 13.Nxd4 Qxd4 14.Nb3 Qb6
15.Be3 c5 16.f4 Nd7 17.fxe5 Nxe5 18.Qf2 Rac8 19.Nxc5 Bxc5 20.d4 Bf8
21.dxe5 Qxe3 22.Qxe3 Bc5 23.Qxc5 Rxc5 24.Bb3 Re7 25.Rad1 g6 26.Rxf7 Rxf7
27.Rd7 Rc4 28.Bxc4 bxc4 29.e6 Rf4 30.Rxb7 Rxe4 31.e7 Kf7 32.e8=Q+ Kxe8
33.Rxh7 Re2 34.Rb7 a5 35.a4 Kf8 36.Kh2 Kg8 37.Rb5 Kf7 38.Kg3 Rc2
39.Kf3 Kf6 40.g4 Rh2 41.Kg3 Rc2 42.Kh4 Rd2 43.Rxa5 Rxb2 44.Ra6+ Kf7
45.Kg5 Rb3 46.h4 c3 47.Rxg6 Rb4 48.Rc6 Rxa4 49.Rc7+ Kg8 50.Rxc3 Ra5+
51.Kg6 Ra6+ 52.Kh5 Ra7 53.g5 Kg7 54.Rc4 Rb7 55.Kg4 Ra7 56.h5 Rb7
57.h6+ Kh7 58.Kh5 Rb5 59.Rc7+ Kg8 60.Re7 Ra5 61.Kg6 Ra6+ 62.Kf5 Ra5+
63.Kf6 Ra6+ 64.Re6 Ra8 65.g6 Rf8+ 66.Kg5 Ra8 67.h7+ Kh8 68.Kh6 1-0

[Event "?"]
[Site "Berliner Sommer"]
[Date "1995.??.??"]
[Round "?"]
[White "Rechlis, Gad"]
[Black "Kruppa, Yuri"]
[Result "1/2-1/2"]
[WhiteElo "2490"]
[BlackElo "2570"]

1.d4 Nf6 2.c4 g6 3.Nc3 Bg7 4.e4 d6 5.Nf3 O-O 6.h3 e5 7.d5 Na6 8.Be3 Nh5
9.Nh2 Qe8 10.Be2 f5 11.exf5 Nf4 12.Bxf4 exf4 13.fxg6 Qxg6 14.Bg4 Bxg4
15.hxg4 Rae8+ 16.Kf1 Nc5 17.Nf3 Qxg4 18.Qc2 Qg6 19.Rc1 Re7 20.Rh4 Qd3+
21.Ne2 Rfe8 22.Nfg1 f3 23.gxf3 a5 24.b3 Bf6 25.Rh3 b5 26.f4 bxc4
27.bxc4 Qxc2 28.Rxc2 Rb8 29.Nf3 Rb1+ 30.Kg2 Nd3 31.Rg3+ Kf8 32.Kh2 Rf1
33.Ned4 Nxf4 34.Rg4 Ng6 35.Nc6 Re8 36.Nxa5 Ne5 37.Nxe5 Rxe5 38.Rg1 Rxg1
39.Kxg1 Re1+ 40.Kg2 h5 41.Nc6 Ra1 42.Na7 Ke7 43.Re2+ Kf7 44.Nb5 Rc1
45.Re4 Kg6 46.Nxc7 Kf5 47.Re6 Rxc4 48.Ne8 Be5 49.Nxd6+ Bxd6 50.Rxd6 Ra4
51.Rh6 Kg5 52.Rh8 Rxa2 53.d6 Rd2 54.Rd8 Kf6 55.Kg3 Ke6 56.Rh8 Rxd6 1/2-1/2

[Event "?"]
[Site "Berliner Sommer"]
[Date "1995.??.??"]
[Round "?"]
[White "Urday, Henry"]
[Black "Burmakin, Vladimir"]
[Result "0-1"]
[WhiteElo "2435"]
[BlackElo "2500"]

1.d4 d5 2.Nf3 Nf6 3.c4 e6 4.g3 c6 5.Qc2 b5 6.cxb5 cxb5 7.Bf4 Bb7 8.Bg2 Nc6
9.Nc3 a6 10.O-O Be7 11.Rac1 O-O 12.Rfd1 Rc8 13.Qd3 Na5 14.Qb1 b4
15.Na4 Bc6 16.Nc5 Bb5 17.Bf1 Qb6 18.Bd2 Nc6 19.e3 Nb8 20.Nd3 a5
21.Be1 Qa6 22.Nd2 Nbd7 23.f3 Bd6 24.Nb3 e5 25.Rxc8 Rxc8 26.dxe5 Nxe5
27.Nd4 Bxd3 28.Bxd3 Nxd3 29.Rxd3 Bc5 30.Qd1 h6 31.Bf2 Bxd4 32.Rxd4 Qc6
33.a3 bxa3 34.bxa3 Qc3 35.Rd3 Qb2 36.Rb3 Qa2 37.Qb1 Qxb1+ 38.Rxb1 Rc3
39.Ra1 a4 40.Kf1 Kf8 41.Ra2 Rb3 42.Ke2 Ke7 43.Be1 Ke6 44.Bb4 Nd7
45.Rc2 Ne5 46.h3 h5 47.g4 hxg4 48.hxg4 Nc4 49.e4 g6 50.Rc1 Rb2+
51.Ke1 Ne5 52.exd5+ Kxd5 53.Rc7 Nd3+ 54.Kd1 Nxb4 55.axb4 a3 56.Rc1 Rxb4
57.Ra1 Rb3 58.f4 Ke4 59.Kc2 Rb2+ 60.Kc3 Kxf4 61.Rxa3 Rg2 0-1